000 00402nam a22001577a 4500
005 20150429115448.0
008 150429b xxu||||| |||| 00| 0 eng d
020 _a0195772571
040 _cPK-LaUMT
082 _aKHC 954.9205
_bSID-W
100 _aSiddiq Salik
245 _aWitness to surrender
_cSiddiq Salik
260 _aKarachi
_bOxford University press
_c1978
300 _a245 p.
942 _cBK
999 _c70632
_d70632